| 000 | 01355nam a2200301 i 4500 | ||
|---|---|---|---|
| 001 | 29676 | ||
| 003 | ES-MaACL | ||
| 005 | 20251120142801.0 | ||
| 007 | t| | ||
| 008 | 030122s1916 sp ||||1| spa d | ||
| 080 | _a821.134.2 Castro, Adolfo de 7 Buscapié.07 | ||
| 080 | _a929 Cervantes Saavedra, Miguel de | ||
| 100 | 1 |
_aBarrera y Leirado, Cayetano Alberto de la. _925934 |
|
| 245 | 1 | 3 |
_aEl cachetero del buscapié / _cDon Cayetano Alberto de la Barrera y Leirado ; prólogo del Excmo. Sr. D. Francisco Rodríguez Marín ; homenaje a Cervantes en el III centenario de su muerte. |
| 260 |
_aSantander : _bLibrería Moderna Viuda de Albira y Díez, _c1916 ( _fTall. Tip. J. Martínez) |
||
| 300 |
_aXI, 282 p. ; _c21 cm. |
||
| 490 | 1 | _aPublicaciones de la "Biblioteca Menéndez y Pelayo" | |
| 530 | _aDisponible en formato digital. | ||
| 600 | 1 | 7 |
_aCastro, Adolfo de, _d1823-1898. _tEl Buscapié _2 _9169350 |
| 600 | 1 | 4 |
_aCervantes Saavedra, Miguel de, _d1547-1616 _9226514 |
| 700 | 1 |
_aRodríguez Marín, Francisco, _d1855-1943 _998634 |
|
| 830 | 1 |
_aPublicaciones de la Biblioteca de Menéndez Pelayo _9191126 |
|
| 852 |
_aES-MaACL _jF-1135 _cDEPO2 |
||
| 852 |
_aES-MaACL _jF-6579 _cDEPO2 |
||
| 856 |
_uhttp://bdh-rd.bne.es/viewer.vm?id=0000102745&page=1 _xBiblioteca Digital Hispánica |
||
| 942 | _2udc | ||
| 999 |
_c29676 _d29676 |
||